Las Empresas multinacionales y el desarrollo

Tallennettuna:
Bibliografiset tiedot
Päätekijä: Granell, Francisco
Aineistotyyppi: Teksti
Julkaistu: Barcelona: Ariel
Tagit: Lisää tagi
Ei tageja, Lisää ensimmäinen tagi!

MARC

LEADER 00000 a a2200000 04500
001 23840
003
040
090 |a 168800  
100 |a Granell, Francisco  
245 |a Las Empresas multinacionales y el desarrollo  
260 |a Barcelona:   |b Ariel  
300 |a 271 p  
999 |c 13594  |d 13594